000 00976nam a2200205 i 4500
001 54078
003 ES-MaACL
005 20230906162907.0
007 t|
008 031125s1898 sp ||||1| spa d
110 2 _aReal Academia de Bellas Artes de San Carlos (Valencia)
_96290
245 1 0 _aMemoria de la sesión pública que celebró la Real Academia de Bellas Artes de San Carlos de Valencia el día 2 de octubre de 1898 con motivo de la apertura del curso de 1898 a 1899.
260 _aValencia :
_b[Real Academia de Bellas Artes de San Carlos],
_c1898 (
_fDomènech)
300 _a42 p. ;
_c26 cm.
505 8 _aContiene: Memoria... / Luis Tamayos Blasco -- Discurso: El concepto y condiciones de la idea y de la forma en el arte / Luis Ferreres y Soler
610 2 4 _aReal Academia de Bellas Artes de San Carlos (Valencia)-
_vMemorias.
_9151459
700 1 _aTamayos Blasco, Luis.
_9109167
700 1 _aFerreres y Soler, Luis.
_950538
852 _aES-MaACL
_jT-842-F-6
999 _c54078
_d54078